• 首页
  • 本馆介绍
  • 公告通知
  • 最新文献
  • 馆藏检索
  • 电子资源
  • 读者导购
  • 参考咨询
  • 我的图书馆
  • 登录
  • 详细信息显示
  • 放入我的书架
  • 预约/预借图书
  • 作者相关作品
  • 分类相关作品
  • 丛书相关作品
  • 出版社相关作品

书目信息

  • 表格格式
  • 工作单格式
  • 卡片格式
题名:
组织胚胎学彩色图谱
    
 
作者: 韩秋生 徐国成 康悦
分册:  
出版信息: 武汉   湖北科学技术出版社  2015.10
页数: 130
开本: 26cm
丛书名:
单 册:
中图分类: R-33
科图分类:
主题词: 实验医学
电子资源:
ISBN: 7-5325-8069-5
000 00616nam0 2200181 450
001 1735965424
005 20170410095925.42
010    @a7-5325-8069-5@b精装
100    @a20170410d km y0chiy0120 ea
101 0  @achi
200 1  @a组织胚胎学彩色图谱@Azu zhi pei tai xue cai se tu pu@f韩秋生 徐国成 康悦@Fhan qiu sheng xu guo cheng kang yue
210    @a武汉@c湖北科学技术出版社@d2015.10
215    @a130@c彩图@d26cm
606 0  @a实验医学
690    @aR-33@v4
701  0 @a韩秋生 徐国成 康悦@Ahan qiu sheng xu guo cheng kang yue
801  0 @aCN@b大连网信软件有限公司图书馆·11@c20170410
905    @b6604861@dR-33@en1@f1
    
    组织胚胎学彩色图谱/韩秋生 徐国成 康悦.-武汉:湖北科学技术出版社,2015.10
    130:彩图;26cm
    
    
    ISBN 7-5325-8069-5(精装):
    
●
相关链接 在E读中查询图书 在五车中查询图书 在当当中查询图书 在豆瓣中查询图书


正题名:组织胚胎学彩色图谱     索取号:R-33/n1         预约/预借

序号 登录号 条形码 馆藏地/架位号 状态 备注
1 6604861   266048617   密集书库-生命科学系/ [索取号:R-33/n1] 在馆    
唐山师范学院图书馆 欢迎您!
大连网信软件有限公司© 版权所有